000 00279nam a2200121Ia 4500
008 221030s9999 xx 000 0 und d
041 _aEnglish
100 _aA. K. Raina
245 0 _aFundamentals Of Tourism System
_cby A. K. Raina
260 _c0
650 _aMb
942 _cBK
999 _c14355
_d14355